| 000 | 01025nam a22002777a 4500 | ||
|---|---|---|---|
| 999 |
_c65388 _d65388 |
||
| 005 | 20240530110822.0 | ||
| 008 | 190717s2019 ua g b 000 0 ara d | ||
| 017 |
_a28028 _bمصر. دار الكتب |
||
| 020 | _a9789773086299 | ||
| 040 |
_aEG-CaGPL _cEG-CaGPL |
||
| 082 | 0 | 4 |
_221 _a302.23/ _bر إ |
| 100 | 0 | _aرؤوف سالم احم حسين | |
| 245 | 1 | 2 |
_aالاعلام الصحى وتطبيقاته فى المجالات الطبية / _cرؤوف سالم احم حسين |
| 250 | _aط.1 | ||
| 260 |
_aالقاهرة : _bدار العلم والايمان للنشر والتوزيع، _c2019. |
||
| 300 |
_a235 ص.؛ _c24 سم. |
||
| 504 | _aيشتمل على ارجاعات ببليوجرافية | ||
| 650 | 0 | 7 |
_2qrmak _aالاعلام |
| 650 | 0 | 7 |
_2qrmak _aالاتصال |
| 650 | 0 | 7 |
_2qrmak _aالوعى الاجتماعى |
| 650 | 0 | 7 |
_2qrmak _aوسائل الاعلام |
| 651 | _2qrmak | ||
| 653 | 0 | _aالاعلام الصحى | |
| 942 |
_2ddc _cBK |
||